Vultos e retratos / (Record no. 1270)

MARC details
000 -LÍDER
Campo Fixo de Controle 00816nam a2200253 a 4500
001 - NÚMERO DE CONTROLE
Campo de Controle 1270
003 - IDENTIFICAÇÃO DO NÚMERO DE CONTROLE
Campo de Controle BR-CuiBMT
005 - DATA E HORA DA ÚLTIMA ATUALIZAÇÃO
Campo de Controle 20231203185658.0
008 - DADOS FIXOS
Dados Fixos 231201s2009 dfb 001 0 por d
040 ## - AGÊNCIA CATALOGADORA
Código da Agência Catalogadora BR-CuiBMT
Agência que transcreveu o registro BR-CuiBMT
080 ## - Nº DA CLASSIFICAÇÃO DECIMAL UNIVERSAL
Nº Class. CDU 32
Subd. Auxiliar Comum -051(091)
Nº edição CDU 2007
090 ## - NÚMERO DE CHAMADA
Nº classificação 32-051(091)
Cutter C824v
100 1# - ENTRADA PRINCIPAL -- AUTOR PESSOAL
Nome pessoal Corrêa, Oscar Dias
245 10 - TÍTULO PRINCIPAL
Título principal Vultos e retratos /
Indicação de responsabilidade Oscar Dias Corrêa.
260 ## - PUBLICAÇÃO, DISTRIBUIÇÃO, ETC.
Local de publicação Brasília :
Editora Senado Federal,
Data 2009.
300 ## - DESCRIÇÃO FÍSICA
N. páginas ou volumes 512 p. ;
Dimensões 23 cm
490 1# - INDICAÇÃO DE SÉRIE
Título da série Coleção edições do Senado Federal ;
Volume/designação sequencial da série v. 117
500 ## - NOTAS GERAIS
Notas gerais Inclui índice.
600 14 - ASSUNTO -- NOME PESSOAL
Nome pessoal Cairú, José da Silva Lisboa,
Títulos e outras palavras associadas ao nome Visconde de,
Datas associadas ao nome 1756-1835
650 ## - ASSUNTO TÓPICO
Cabeçalho tópico ou nome geográfico Políticos brasileiros
Subdivisão geral Biografia
700 1# - ENTRADA SECUNDÁRIA -- NOME PESSOAL
Nome pessoal Castro, Augusto Olímpio Viveiros de
Cód. do termo explicativo et al.
830 #0 - ENTRADA SECUNDÁRIA DE SÉRIE -- TÍTULO UNIFORME
Título uniforme Edições do Senado Federal ;
Nº do volume/designação sequencial da série 117
942 ## - ELEMENTOS DE ENTRADA ADICIONAIS (KOHA)
Fonte de classificação ou esquema de arquivamento Classificação Decimal Universal
Tipo de item do Koha Livros
Holdings
Estado: removido Estado: perdido Fonte de classificação ou esquema de arquivamento Estado: danificado Indisponível para empréstimo Localização permanente Localização atual Data de aquisição Total Checkouts Número de Chamada completo Código de barras Date last seen Número do exemplar Preço efetivo a partir de Tipo de item (Koha)
    Classificação Decimal Universal     Biblioteca da Escola Superior de Contas do TCE/MT Biblioteca da Escola Superior de Contas do TCE/MT 03/12/2023   32-051(092) C824v BIBTCEMT23120088 03/12/2023 Ex. 1 03/12/2023 Livros

Powered by Koha